000 00330nam a2200145Ia 4500
005 20251222141852.0
008 251222s9999||||xx |||||||||||||| ||spa||
020 _a9789606930997
082 _a455/B17
100 _aBaldassarri, Daniele
245 0 _aCentro!:
250 _a1ra.ed.
264 _bEdizioni Edilingua
942 _cLIB
999 _c7748
_d7748